01061nam a2200253M 450000500170000000800410001702000180005804000560007604100080013210000260014024501130016626000660027930000530034550500750039865000500047365000320052365000420055565000400059765000410063765000320067865000290071070000170073971000510075620140903175024.0130929s2013 xxuad frn 000 0 eng d z9781442225190 aCo-BoUCMbspacJavier GarzóndAldemar Mondragón0 aeng1 aCordesman, Anthony H.14aThe evolving military balance in the Korean peninsula and Northeast AsiacAnthony H. Cordesman y Ashley Hess aLanham (Maryland, Estados Unidos)bRowman & Littlefieldc2013 axviii, 167 páginasbilustraciones y gráficas0 gV.3tMissile, DPRK and rok nuclear forces, and external nuclear forces 7aArmas de destrucción masivazKorea (South). 7aMisiles balísticoszChina 7aMisiles balísticoszCorea del Norte 7aMisiles balísticoszCorea del Sur 7aMisiles balísticoszEstados Unidos 7aMisiles balísticoszRusia 7aPoder (Cencias sociales)1 aHess, Ashley2 aCenter for Strategic and International Studies